Select all the Countries that Speak... - Statistics

General Stats
  • This quiz has been taken 830 times
  • The average score is 45 of 60
Answer Stats
Question Tile Select % Correct
French Bhutan No
96%
English Burkina Faso No
94%
Spanish Chile Yes
94%
Spanish Brazil No
93%
Portugeese Brazil Yes
93%
French South Africa No
93%
Spanish Comoros No
92%
Spanish Guatemala Yes
92%
Portugeese Maldives No
92%
Spanish Paraguay Yes
92%
Portugeese Brunei No
91%
Spanish Panama Yes
91%
English Barbados Yes
90%
Portugeese Bolivia No
90%
English Equatorial Guinea No
90%
French Tanzania No
90%
Portugeese Vanuatu No
90%
Arabic Armenia No
89%
French Belgium Yes
89%
Arabic Cyprus No
89%
Spanish Guinea-Bissau No
89%
Arabic Libya Yes
89%
Spanish Dominican Republic Yes
88%
Arabic Bahrain Yes
86%
Arabic Lebanon Yes
86%
Portugeese Gabon No
85%
Portugeese Benin No
84%
Arabic Ethiopia No
84%
Portugeese Papua New Guinea No
84%
Spanish Guyana No
82%
French Suriname No
82%
Portugeese Cape Verde Yes
81%
French Cameroon Yes
79%
Portugeese Angola Yes
74%
French Gambia No
72%
Portugeese Mozambique Yes
72%
French D R Congo Yes
71%
French Niger Yes
71%
Spanish Philippines No
68%
Spanish Trinidad and Tobago No
68%
Portugeese East Timor Yes
67%
English Ghana Yes
66%
Arabic Mauritania Yes
66%
Arabic Israel No
65%
English Sri Lanka No
64%
Arabic Iran No
63%
English Botswana Yes
62%
English Maldives No
62%
English Palau Yes
62%
French Guinea Yes
60%
Spanish Equatorial Guinea Yes
58%
Arabic Mali No
58%
Arabic Djibouti Yes
56%
Arabic Somalia Yes
54%
English Philippines Yes
52%
French Comoros Yes
50%
English Pakistan Yes
46%
English Sierra Leone Yes
45%
French Algeria No
26%
English Burundi Yes
17%
No matching quizzes found
Score Distribution
Percent of People with Each Score
Percentile by Number Answered
Your Score History
You have not taken this quiz